[Event "Seniorsko prvenstvo Centralne "]
[Site "Vrnjacka Banja"]
[Date "2008.11.14"]
[Round "9.1"]
[White "Antic, Dejan"]
[Black "Lajthajm, Borko"]
[Result "1-0"]
[WhiteElo "2489"]
[BlackElo "2498"]
[Annotator "Zivic,Dragan"]
[PlyCount "117"]
[EventDate "2008.11.08"]

1. d4 Nf6 2. c4 e6 3. g3 Bb4+ 4. Bd2 Bxd2+ 5. Qxd2 O-O 6. Bg2 d5 7. Nf3 Nbd7 8.
O-O b6 9. Ne5 Bb7 10. Nc3 Qe7 11. Qf4 c6 12. Rfd1 Rfd8 13. Rac1 Nf8 14. e4 dxe4
15. Nxe4 Ng6 16. Qe3 Nxe4 17. Qxe4 Nxe5 18. dxe5 g6 19. Qh4 Qxh4 20. gxh4 h5
21. b4 Rac8 22. c5 Kf8 23. Rd6 Ke7 24. Be4 bxc5 25. bxc5 Rc7 26. Rc3 Ba8 27.
Rb3 Rdc8 28. Kg2 Rb7 29. Rxb7+ Bxb7 30. Kg3 Ba8 31. f3 a5 32. Rd3 Rb8 33. Rb3
Rxb3 34. axb3 Bb7 35. Bd3 Bc8 36. Kf4 Bb7 37. Bf1 Kd7 38. Kg5 Ke7 39. Bd3 Bc8
40. Be4 Bb7 41. Kf4 Kd7 42. Bd3 Kd8 43. Be4 Ba8 44. Ke3 Kc7 45. Kd4 Kb8 46. Bd3
Bb7 47. f4 Bc8 48. Bc4 Ka7 49. f5 gxf5 50. Be2 Kb7 51. Bxh5 Kc7 52. Bf3 Kd7 53.
h5 Ke7 54. Bxc6 Kf8 55. h6 Ba6 56. Bd7 Kg8 57. c6 Bb5 58. Kc5 a4 59. Kxb5 1-0

[Event "Seniorsko prvenstvo Centralne "]
[Site "Vrnjacka Banja"]
[Date "2008.11.14"]
[Round "9.2"]
[White "Rajkovic, Dusan"]
[Black "Tosic, Miroslav"]
[Result "1/2-1/2"]
[WhiteElo "2474"]
[BlackElo "2445"]
[PlyCount "40"]
[EventDate "2008.11.08"]

1. d4 g6 2. c4 Bg7 3. Nc3 d6 4. e4 Nd7 5. Bg5 c6 6. Qd2 a6 7. Nf3 b5 8. Rc1 b4
9. Na4 Qa5 10. b3 Ngf6 11. Bd3 h6 12. Be3 Ng4 13. Bf4 e5 14. Bg3 h5 15. Rd1 Bh6
16. Qb2 Bg7 17. h3 Nh6 18. c5 dxc5 19. Nxe5 cxd4 20. Nxc6 Qg5 1/2-1/2

[Event "Seniorsko prvenstvo Centralne "]
[Site "Vrnjacka Banja"]
[Date "2008.11.14"]
[Round "9.3"]
[White "Sredojevic, Ivan"]
[Black "Abramovic, Bosko"]
[Result "0-1"]
[WhiteElo "2396"]
[BlackElo "2484"]
[PlyCount "102"]
[EventDate "2008.11.08"]

1. e4 e5 2. Nf3 Nc6 3. Bb5 a6 4. Ba4 Nf6 5. O-O Be7 6. Re1 b5 7. Bb3 d6 8. c3
O-O 9. h3 Na5 10. Bc2 c5 11. d4 Nc6 12. d5 Na5 13. Nbd2 Re8 14. Nf1 Nc4 15. a4
Bd7 16. b3 Na5 17. Ng3 bxa4 18. bxa4 c4 19. Ba3 Bf8 20. Nd2 Qc7 21. Bb4 Rec8
22. Qe2 g6 23. Bxa5 Qxa5 24. Nxc4 Qc7 25. Bd3 a5 26. Qe3 Rab8 27. Reb1 Be8 28.
Ne2 Nd7 29. Nd2 Rxb1+ 30. Rxb1 Nc5 31. Bb5 Nxa4 32. Bxe8 Rxe8 33. c4 Nc5 34.
Nc3 a4 35. Nb5 Qa5 36. Na3 Rc8 37. Kh2 h5 38. Rb5 Qd8 39. Ndb1 Kh7 40. Nc3 Bh6
41. Qf3 Kg7 42. g3 h4 43. Kg2 hxg3 44. fxg3 Bc1 45. Ncb1 Qg5 46. h4 Qd8 47. Nc2
Ra8 48. Nba3 Qc7 49. Rb1 Nb3 50. Qf1 Bxa3 51. Nxa3 Nd2 0-1

[Event "Seniorsko prvenstvo Centralne "]
[Site "Vrnjacka Banja"]
[Date "2008.11.14"]
[Round "9.4"]
[White "Lazic, Dragoljub"]
[Black "Arsovic, Zoran"]
[Result "0-1"]
[WhiteElo "2320"]
[BlackElo "2480"]
[PlyCount "192"]
[EventDate "2008.11.08"]

1. e4 c5 2. Nf3 d6 3. d4 cxd4 4. Nxd4 Nf6 5. Nc3 Nc6 6. Be2 e5 7. Nf3 h6 8. O-O
Be7 9. Re1 O-O 10. h3 Be6 11. Bf1 Nb8 12. Be3 Nbd7 13. Qd2 a6 14. a4 Rc8 15.
Bd3 Qc7 16. a5 Rfe8 17. Nh2 Nc5 18. f4 exf4 19. Bxf4 Nfd7 20. Nf3 Bf6 21. Bf1
Ne5 22. Nd4 Ng6 23. Be3 Be5 24. Bd3 Bxd4 25. Bxd4 Ne5 26. Bf1 Nc6 27. Be3 Nxa5
28. Bxh6 Nc6 29. Bf4 Ne5 30. Kh1 Qb6 31. Rab1 Red8 32. Re3 Qb4 33. Qe1 Na4 34.
Nxa4 Qxa4 35. c3 Qc2 36. Re2 Qb3 37. Re3 Qa2 38. Rg3 f6 39. Be3 Qb3 40. Bd4 Kf7
41. Be2 Rh8 42. Qf2 a5 43. Rf1 Rcf8 44. Rg5 b6 45. Qg3 Rh7 46. Bh5+ Kg8 47. Bg6
Rh6 48. Bxe5 dxe5 49. Qf2 Bc4 50. Rg3 Bxf1 51. Qxf1 Rd8 52. Qf5 Qd1+ 53. Kh2
Qd7 54. Qf3 Rh4 55. Bf5 Qf7 56. Qe2 Kf8 57. Qb5 Rd6 58. Qa6 Qc7 59. Bg6 Ke7 60.
Qe2 Rh8 61. Qg4 Kd8 62. Bf5 g5 63. Qf3 Qc5 64. Bg4 Kc7 65. Qf5 Rhd8 66. Qg6 Kb8
67. Qf7 Qc7 68. Qg6 Ka7 69. Rf3 Qe7 70. c4 Rc6 71. b3 Kb8 72. Qf5 Rcd6 73. Qg6
Ka7 74. Rf2 Rc6 75. Rf3 Rd2 76. Qg8 Rcd6 77. c5 bxc5 78. Qc8 Rd8 79. Qc6 Qd6
80. Qb5 Qb6 81. Qc4 R2d6 82. Rf2 Kb8 83. Qf7 c4 84. Rf3 Qc7 85. Qxc4 Qxc4 86.
bxc4 Kc7 87. Bh5 a4 88. Ra3 Ra6 89. Bf7 Kb6 90. Bd5 Kc5 91. g3 Rb8 92. h4 Rb3
93. Ra1 a3 94. h5 Ra7 95. Kh3 a2 96. h6 Rb1 0-1

[Event "Seniorsko prvenstvo Centralne "]
[Site "Vrnjacka Banja"]
[Date "2008.11.14"]
[Round "9.5"]
[White "Arsovic, Goran"]
[Black "Nikolic, Stanimir"]
[Result "1/2-1/2"]
[WhiteElo "2432"]
[BlackElo "2291"]
[PlyCount "77"]
[EventDate "2008.11.08"]

1. d4 d5 2. Nf3 Nf6 3. c4 e6 4. Bg5 Nbd7 5. cxd5 exd5 6. Nc3 c6 7. e3 Qa5 8.
Nd2 Bd6 9. Bd3 O-O 10. Qc2 Re8 11. O-O Qc7 12. Nf3 h6 13. Bh4 Ng4 14. Bg3 Bxg3
15. hxg3 Qd6 16. e4 dxe4 17. Nxe4 Qf8 18. Rfe1 Rd8 19. a3 Ndf6 20. Nc5 b6 21.
Ne4 Bb7 22. Rac1 Rd5 23. Bc4 Rd7 24. Ne5 Nxe5 25. Nxf6+ gxf6 26. dxe5 fxe5 27.
Rxe5 Qd6 28. Rce1 c5 29. Qf5 Rad8 30. Kh2 Kg7 31. Bb5 Rc7 32. Re8 Rxe8 33. Rxe8
Qd5 34. Qg4+ Qg5 35. Qe2 Qd5 36. Qg4+ Qg5 37. Qe2 Qd5 38. Qg4+ Qg5 39. Qe2
1/2-1/2

[Event "Seniorsko prvenstvo Centralne "]
[Site "Vrnjacka Banja"]
[Date "2008.11.14"]
[Round "9.6"]
[White "Maksimovic, Branimir"]
[Black "Kojovic, Dragan"]
[Result "1/2-1/2"]
[WhiteElo "2418"]
[BlackElo "2412"]
[PlyCount "100"]
[EventDate "2008.11.08"]

1. e4 c5 2. Nc3 Nc6 3. f4 g6 4. Nf3 Bg7 5. Bb5 Nd4 6. O-O Nxb5 7. Nxb5 Nf6 8.
e5 Nd5 9. d4 Nc7 10. Nxc7+ Qxc7 11. Be3 cxd4 12. Bxd4 O-O 13. Qd3 d6 14. exd6
Qxd6 15. Bxg7 Qxd3 16. cxd3 Kxg7 17. Rfe1 Re8 18. Rac1 Be6 19. Rc7 Bxa2 20.
Rxb7 Bd5 21. Rbxe7 Rxe7 22. Rxe7 Bxf3 23. gxf3 Rd8 24. Re3 Rd4 25. Kf2 Rxf4 26.
Re2 Kf6 27. Ke3 Rb4 28. Rc2 h5 29. d4 Ke6 30. h4 a5 31. Ke4 Kd6 32. Kd3 a4 33.
Ke4 Rb3 34. Rg2 Rb5 35. Rc2 Rb4 36. Rd2 f5+ 37. Kf4 Kd5 38. Kg5 Rb6 39. Kh6 Ra6
40. Rd1 Rb6 41. Ra1 Ra6 42. Ra3 Kxd4 43. b3 Ke3 44. bxa4+ Kf4 45. a5 g5+ 46.
Kxh5 gxh4 47. Ra4+ Kxf3 48. Kxh4 Ke3 49. Kg5 f4 50. Ra3+ Ke4 1/2-1/2

[Event "Seniorsko prvenstvo Centralne "]
[Site "Vrnjacka Banja"]
[Date "2008.11.14"]
[Round "9.7"]
[White "Novoselski, Zoran"]
[Black "Misic, Dragan"]
[Result "1-0"]
[WhiteElo "2388"]
[BlackElo "2229"]
[PlyCount "61"]
[EventDate "2008.11.08"]

1. e4 c6 2. d4 d5 3. e5 Bf5 4. Nd2 e6 5. Nb3 Nd7 6. Nf3 Qc7 7. Be3 Ne7 8. Be2
h6 9. O-O g5 10. a4 Bg4 11. a5 Nf5 12. h3 Bxf3 13. Bxf3 Be7 14. Rc1 b5 15. axb6
Qxb6 16. Qd3 O-O 17. Bg4 Ng7 18. h4 f5 19. exf6 Nxf6 20. Bd1 Ne4 21. hxg5 hxg5
22. Bf3 c5 23. dxc5 Nxc5 24. Qg6 Qc7 25. Bxc5 Bxc5 26. Nxc5 Qxc5 27. Qxg5 Rab8
28. c4 Rxb2 29. cxd5 Qa5 30. Rc4 Qd2 31. Qg6 1-0

[Event "Seniorsko prvenstvo Centralne "]
[Site "Vrnjacka Banja"]
[Date "2008.11.14"]
[Round "9.8"]
[White "Zivkovic, Ivan B"]
[Black "Somborski, Nebojsa"]
[Result "1/2-1/2"]
[WhiteElo "2322"]
[BlackElo "2379"]
[PlyCount "25"]
[EventDate "2008.11.08"]

1. e4 e5 2. Nf3 Nc6 3. Bb5 a6 4. Ba4 Nf6 5. O-O Be7 6. Re1 b5 7. Bb3 d6 8. c3
O-O 9. h3 Na5 10. Bc2 d5 11. exd5 e4 12. Nd4 Qxd5 13. d3 1/2-1/2

[Event "Seniorsko prvenstvo Centralne "]
[Site "Vrnjacka Banja"]
[Date "2008.11.14"]
[Round "9.9"]
[White "Tasic, Zoran"]
[Black "Mitrovic, Darko R"]
[Result "0-1"]
[WhiteElo "2159"]
[BlackElo "2362"]
[PlyCount "114"]
[EventDate "2008.11.08"]

1. d4 Nf6 2. Nf3 e6 3. e3 b6 4. a3 c5 5. c4 Bb7 6. Nc3 a6 7. Bd3 Be7 8. O-O d6
9. b3 O-O 10. d5 Ne8 11. Qc2 h6 12. e4 Nd7 13. Bf4 e5 14. Bd2 Bg5 15. Nxg5 hxg5
16. Qd1 f6 17. Qh5 Rf7 18. g3 Nf8 19. f4 g6 20. Qf3 gxf4 21. gxf4 Bc8 22. f5
Rh7 23. Rf2 Raa7 24. Rg2 g5 25. Rf1 Rag7 26. Rg4 Kf7 27. Rf2 Rg8 28. Rfg2 Rgh8
29. Be1 Bd7 30. h4 gxh4 31. Rh2 Ng7 32. Rgxh4 Kg8 33. Qg4 Be8 34. Rg2 Qe7 35.
Rxh7 Rxh7 36. Bh4 Kh8 37. Qg3 Bh5 38. a4 Qf7 39. Kf2 Rh6 40. Ke1 Nh7 41. Kd2
Bf3 42. Rg1 Nf8 43. Ne2 Bh5 44. Ke3 Qg8 45. Rg2 Qh7 46. Rh2 Kg8 47. Qf2 Kf7 48.
Kd2 Bg4 49. Qg3 Bxe2 50. Bxe2 Nh5 51. Bxh5+ Rxh5 52. Kc2 Qh6 53. Rg2 Rxh4 54.
Qg7+ Ke8 55. a5 bxa5 56. Kb2 Rh1 57. Rc2 Qe3 0-1

[Event "Seniorsko prvenstvo Centralne "]
[Site "Vrnjacka Banja"]
[Date "2008.11.14"]
[Round "9.10"]
[White "Nadj Hedjesi, Balind"]
[Black "Milosevic, Slavisa"]
[Result "1-0"]
[WhiteElo "2296"]
[BlackElo "2282"]
[PlyCount "85"]
[EventDate "2008.11.08"]

1. e4 c5 2. Nc3 e6 3. Nge2 Nc6 4. d4 cxd4 5. Nxd4 Bc5 6. Be3 Qb6 7. Ndb5 Bxe3
8. fxe3 Nf6 9. Qd6 Kd8 10. O-O-O a6 11. Nd4 Qc7 12. Nxc6+ bxc6 13. Qc5 Ne8 14.
Bc4 Qa7 15. Qg5+ f6 16. Qg3 Qc7 17. Qh4 Qe5 18. Rhf1 Ke7 19. Ne2 Rb8 20. Bb3 a5
21. c3 Ba6 22. Rf2 Bxe2 23. Rxe2 Qb5 24. Red2 Rb7 25. Qg4 Qe5 26. Rd4 h5 27.
Qe2 Qxh2 28. Qa6 Rc7 29. Qxa5 Qe5 30. Qa3+ d6 31. Qa8 h4 32. Rxd6 Nxd6 33. Qxh8
Qg5 34. Kb1 Rd7 35. Qg8 Qg4 36. Rd2 Rd8 37. Qh7 Rf8 38. a4 Nf7 39. e5 f5 40.
Bd1 Qg5 41. Qh5 Qxe3 42. Qxh4+ g5 43. Qb4+ 1-0

[Event "Seniorsko prvenstvo Centralne "]
[Site "Vrnjacka Banja"]
[Date "2008.11.14"]
[Round "9.11"]
[White "Ostojic, Nikola"]
[Black "Misailovic, Nebojsa"]
[Result "1-0"]
[WhiteElo "2398"]
[BlackElo "2267"]
[PlyCount "63"]
[EventDate "2008.11.08"]

1. c4 Nf6 2. Nf3 g6 3. Nc3 d5 4. Qa4+ Bd7 5. Qb3 dxc4 6. Qxc4 Bg7 7. d4 O-O 8.
e4 b5 9. Qb3 a6 10. e5 Be6 11. exf6 Bxb3 12. fxg7 Kxg7 13. axb3 Nd7 14. Be3 e6
15. g3 Qe7 16. Bg2 b4 17. Na4 Nf6 18. O-O Nd5 19. Bd2 a5 20. Rac1 h6 21. Rfe1
Ra6 22. Ne5 Qd8 23. Nc5 Ra8 24. h4 Re8 25. Bxh6+ Kg8 26. Ned7 Kh7 27. Bg5 f6
28. Bxd5 fxg5 29. Bxa8 gxh4 30. Bg2 hxg3 31. fxg3 Qg5 32. Ne4 1-0

[Event "Seniorsko prvenstvo Centralne "]
[Site "Vrnjacka Banja"]
[Date "2008.11.14"]
[Round "9.12"]
[White "Stanojevic, Branko"]
[Black "Pantelic, Sasa"]
[Result "1/2-1/2"]
[WhiteElo "2275"]
[BlackElo "2293"]
[PlyCount "20"]
[EventDate "2008.11.08"]

1. d4 Nf6 2. c4 g6 3. Nc3 Bg7 4. e4 d6 5. Nf3 O-O 6. Be2 Bg4 7. O-O Bxf3 8.
Bxf3 Nfd7 9. Be3 e5 10. Be2 Nc6 1/2-1/2

[Event "Seniorsko prvenstvo Centralne "]
[Site "Vrnjacka Banja"]
[Date "2008.11.14"]
[Round "9.14"]
[White "Popovic, Predrag R"]
[Black "Radosavljevic, Slobodan D"]
[Result "0-1"]
[WhiteElo "2275"]
[BlackElo "2267"]
[PlyCount "106"]
[EventDate "2008.11.08"]

1. e4 c5 2. Nf3 g6 3. d4 cxd4 4. Nxd4 Bg7 5. Nc3 Nc6 6. Be3 Nf6 7. Bc4 O-O 8.
Bb3 d6 9. f3 Bd7 10. Qd2 Nxd4 11. Bxd4 b5 12. Nd5 Nxd5 13. Bxg7 Kxg7 14. Bxd5
Rc8 15. O-O-O a5 16. a3 Qb6 17. h4 h6 18. f4 Bg4 19. Qd4+ Qxd4 20. Rxd4 Rc7 21.
Rf1 h5 22. Rf2 Rb8 23. b4 a4 24. Kb2 Rbc8 25. Ba2 Be6 26. Bxe6 fxe6 27. Rfd2
Kf6 28. g3 Rc3 29. R4d3 Rxd3 30. cxd3 e5 31. d4 Rc4 32. fxe5+ dxe5 33. dxe5+
Ke6 34. Rd5 Rxe4 35. Rxb5 Re2+ 36. Kb1 Re3 37. Ka2 Rxg3 38. Ra5 Rg2+ 39. Kb1 g5
40. hxg5 h4 41. Ra6+ Kf5 42. Rh6 Kxg5 43. Rh8 Rg3 44. Ka2 h3 45. Kb2 Rb3+ 46.
Ka2 Kg4 47. e6 Kg3 48. Rg8+ Kf2 49. Rh8 Kg2 50. Rc8 h2 51. Rc2+ Kh3 52. Rc1 Rg3
53. b5 Rg2+ 0-1

[Event "Seniorsko prvenstvo Centralne "]
[Site "Vrnjacka Banja"]
[Date "2008.11.14"]
[Round "9.15"]
[White "Lazic, Zeljko"]
[Black "Djosic, Slavoljub"]
[Result "0-1"]
[WhiteElo "2207"]
[BlackElo "2256"]
[PlyCount "64"]
[EventDate "2008.11.08"]

1. e4 d6 2. d4 Nf6 3. Nc3 Nbd7 4. Nf3 e5 5. dxe5 dxe5 6. Bc4 Be7 7. Ng5 O-O 8.
Bxf7+ Rxf7 9. Ne6 Qe8 10. Nxc7 Qd8 11. Nxa8 b6 12. Nd5 Bc5 13. Be3 Bxe3 14.
Nxe3 Ba6 15. f3 Nxe4 16. fxe4 Qh4+ 17. g3 Qxe4 18. Kd2 Qd4+ 19. Kc1 Qxe3+ 20.
Kb1 Bb7 21. Re1 Qc5 22. Nxb6 Nxb6 23. a3 Rd7 24. Qg4 Rd6 25. Qb4 Qc7 26. Qb5
Bc6 27. Qe2 e4 28. b3 Qd7 29. Kb2 Rd2 30. Qe3 Qd6 31. Re2 Na4+ 32. Ka2 Rxe2 0-1

[Event "Seniorsko prvenstvo Centralne "]
[Site "Vrnjacka Banja"]
[Date "2008.11.14"]
[Round "9.16"]
[White "Karaklajic, Milutin"]
[Black "Tasic, Vladimir"]
[Result "0-1"]
[WhiteElo "2108"]
[BlackElo "2241"]
[PlyCount "149"]
[EventDate "2008.11.08"]

1. e4 e5 2. Nf3 Nf6 3. Nc3 d6 4. h3 h6 5. d4 exd4 6. Nxd4 Be7 7. Be2 O-O 8. O-O
Re8 9. f4 Bf8 10. Bf3 c6 11. Be3 Nbd7 12. Nb3 a5 13. a4 d5 14. e5 Nh7 15. Qd2
f6 16. e6 Rxe6 17. Nd4 Re8 18. Bh5 Nb6 19. Bxe8 Nc4 20. Bf7+ Kxf7 21. Qd3 g6
22. Bc1 Bc5 23. Kh1 Qb6 24. Nce2 Nd6 25. f5 g5 26. Ne6 Nf8 27. Qf3 Nxf5 28.
Nxf8 Qd8 29. Nh7 Be7 30. Qh5+ Kg7 31. g4 Nd6 32. h4 Qh8 33. Nxf6 Bxf6 34. Rxf6
Kxf6 35. hxg5+ Ke7 36. gxh6 Ne4 37. Kg2 Bxg4 38. Bg5+ Kd6 39. Bf4+ Kc5 40. Be3+
Kd6 41. Bf4+ Kc5 42. Be3+ Kd6 43. Qg6+ Kc7 44. Rf1 Rg8 45. Rf7+ Kc8 46. Rh7
Rxg6 47. Rxh8+ Kd7 48. Nf4 Rg5 49. Nd3 Rh5 50. Rg8 Bh3+ 51. Kg1 Bf5 52. Rg7+
Kc8 53. Bf4 c5 54. Rc7+ Kd8 55. Rxb7 Ng5 56. Kg2 Ne6 57. Bd2 c4 58. Nf2 Bxc2
59. Ra7 d4 60. Bxa5+ Ke8 61. Bd2 c3 62. bxc3 dxc3 63. Bc1 Nf8 64. Ng4 Rh4 65.
Kg3 Rh1 66. Bg5 Rg1+ 67. Kh3 Nh7 68. Be3 Rh1+ 69. Kg3 Bf5 70. Rc7 Bxg4 71. Kxg4
Nf6+ 72. Kf3 Nd5 73. Rc5 Rh3+ 74. Kg2 Rxe3 75. Rxd5 0-1

[Event "Seniorsko prvenstvo Centralne "]
[Site "Vrnjacka Banja"]
[Date "2008.11.14"]
[Round "9.19"]
[White "Kolbert, Engelbert"]
[Black "Dolovic, Dusko"]
[Result "0-1"]
[WhiteElo "2189"]
[BlackElo "2199"]
[PlyCount "54"]
[EventDate "2008.11.08"]

1. Nf3 d5 2. b3 Nf6 3. Bb2 g6 4. c4 c6 5. g3 Bg7 6. Bg2 O-O 7. O-O Re8 8. h3
Nbd7 9. d4 Ne4 10. Nbd2 f5 11. Ne5 Nxe5 12. dxe5 Nxd2 13. Qxd2 dxc4 14. Qb4
cxb3 15. Qxb3+ Kf8 16. Rab1 Qc7 17. e4 Bxe5 18. exf5 Bxf5 19. Rfe1 Bf6 20. Rbc1
Qb6 21. Bxf6 Qxb3 22. Bxe7+ Rxe7 23. axb3 Rd8 24. Rxe7 Kxe7 25. g4 Be6 26. Be4
Bxb3 27. Re1 Rd1 0-1

[Event "Seniorsko prvenstvo Centralne "]
[Site "Vrnjacka Banja"]
[Date "2008.11.14"]
[Round "9.20"]
[White "Irizanin, Radoje"]
[Black "Simic, Milan A"]
[Result "1-0"]
[WhiteElo "2339"]
[BlackElo "2136"]
[PlyCount "57"]
[EventDate "2008.11.08"]

1. e4 e6 2. d4 d5 3. e5 c5 4. c3 Nc6 5. Nf3 Nge7 6. a3 Ng6 7. g3 Qb6 8. b4 cxd4
9. cxd4 Be7 10. h4 h6 11. Bd3 Nf8 12. O-O Bd7 13. Be3 a6 14. Nc3 Na7 15. Na4
Bxa4 16. Qxa4+ Nb5 17. Qb3 Na7 18. Rac1 Nd7 19. Bb1 Kd8 20. Ne1 Rc8 21. Nd3 Rc6
22. Nc5 Nxc5 23. dxc5 Qc7 24. a4 Qxe5 25. b5 axb5 26. axb5 Rc8 27. c6 Qb8 28.
c7+ Rxc7 29. Bxa7 1-0

[Event "Seniorsko prvenstvo Centralne "]
[Site "Vrnjacka Banja"]
[Date "2008.11.14"]
[Round "9.21"]
[White "Ilic, Dragan B"]
[Black "Pavicevic, Jovan"]
[Result "1-0"]
[WhiteElo "2256"]
[BlackElo "2093"]
[PlyCount "73"]
[EventDate "2008.11.08"]

1. d4 Nf6 2. c4 g6 3. Nc3 Bg7 4. e4 d6 5. f3 e5 6. d5 O-O 7. Bg5 h6 8. Be3 Ne8
9. Qd2 f5 10. O-O-O f4 11. Bf2 Nd7 12. Kb1 Ndf6 13. c5 Bd7 14. Nge2 Qe7 15.
cxd6 Nxd6 16. Nc1 Rfc8 17. Nb3 b6 18. Ba6 Rcb8 19. Rc1 Bc8 20. Qe2 Bxa6 21.
Qxa6 Qd7 22. Rc2 Qc8 23. Qd3 a6 24. Rhc1 Qd7 25. g3 g5 26. gxf4 gxf4 27. Bh4
Nh5 28. Nd1 Rb7 29. Nf2 Rf8 30. Nd2 Nf7 31. Ng4 Kh8 32. Rc6 Nd8 33. Bxd8 Qxd8
34. Nxh6 Rf6 35. Nf5 Rxc6 36. Rxc6 Qg5 37. Qf1 1-0

[Event "Seniorsko prvenstvo Centralne "]
[Site "Vrnjacka Banja"]
[Date "2008.11.14"]
[Round "9.22"]
[White "Jokic, Miodrag"]
[Black "Vasic, Vladimir"]
[Result "0-1"]
[WhiteElo "2148"]
[BlackElo "2191"]
[PlyCount "62"]
[EventDate "2008.11.08"]

1. d4 d5 2. c4 dxc4 3. Nc3 e5 4. d5 a6 5. a4 Bb4 6. e3 Nf6 7. Bxc4 O-O 8. Qb3
Qe7 9. Nge2 Nbd7 10. O-O e4 11. Ng3 Bd6 12. Qc2 Re8 13. Rd1 Qe5 14. Rd4 Bc5 15.
Rd2 h5 16. b4 Bxb4 17. Bb2 Qg5 18. Ncxe4 Nxe4 19. Nxe4 Rxe4 20. Qxe4 Bxd2 21.
d6 Nf8 22. Rd1 Bb4 23. d7 Bxd7 24. Qxb7 Rd8 25. Bf1 a5 26. Qxc7 Rc8 27. Qb6
Bxa4 28. h4 Qg6 29. Qb7 Bxd1 30. Qxc8 Qb1 31. Bc1 Bc2 0-1

[Event "Seniorsko prvenstvo Centralne "]
[Site "Vrnjacka Banja"]
[Date "2008.11.14"]
[Round "9.23"]
[White "Jevtic, Miroljub"]
[Black "Boskovic, Maksimilijan"]
[Result "1-0"]
[WhiteElo "2167"]
[BlackElo "1903"]
[PlyCount "57"]
[EventDate "2008.11.08"]

1. d4 Nf6 2. c4 g6 3. Nc3 Bg7 4. e4 d6 5. h3 O-O 6. f4 c5 7. d5 e6 8. Bd3 exd5
9. cxd5 Nh5 10. Be3 Ng3 11. Rh2 f5 12. e5 dxe5 13. Nge2 Re8 14. Kf2 Qh4 15. Kg1
Bh6 16. Bxc5 Nd7 17. Bf2 exf4 18. Qb3 Bg7 19. Nd4 b6 20. Ne6 Be5 21. Re1 f3 22.
d6 Kh8 23. Qd5 Ne2+ 24. Rxe2 Bxh2+ 25. Kxh2 Nf6 26. Qxa8 Qh6 27. Qxf3 Bxe6 28.
Bd4 g5 29. Bxf5 1-0

[Event "Seniorsko prvenstvo Centralne "]
[Site "Vrnjacka Banja"]
[Date "2008.11.14"]
[Round "9.24"]
[White "Matejic, Dragoljub"]
[Black "Gagic, Miroljub"]
[Result "1/2-1/2"]
[WhiteElo "1918"]
[BlackElo "1851"]
[PlyCount "147"]
[EventDate "2008.11.08"]

1. e4 c6 2. d4 d5 3. exd5 cxd5 4. Bd3 Nc6 5. c3 Nf6 6. h3 e6 7. Nf3 Be7 8. O-O
O-O 9. Ne5 Nd7 10. f4 f6 11. Qh5 f5 12. Be3 Nf6 13. Qe2 Nxe5 14. dxe5 Ne4 15.
Rd1 Qc7 16. Nd2 Nxd2 17. Rxd2 b6 18. Rc2 Bc5 19. c4 d4 20. Bd2 a5 21. Rb1 Bb7
22. b3 Qe7 23. Kh2 g6 24. Rcc1 Bc6 25. g3 Rf7 26. Rg1 Kh8 27. h4 h5 28. a4 Qb7
29. Rgf1 Rd7 30. Rbe1 Rad8 31. Kh3 Ba3 32. Bc1 Bb4 33. Bd2 Bc5 34. Kh2 Kg7 35.
Kh3 Ba3 36. Bc1 Bb4 37. Bd2 Bc5 38. Kh2 Kf8 39. Kh3 Be7 40. Kh2 Ra8 41. Kh3 Qc7
42. Kh2 Qd8 43. Kh3 Kf7 44. Qf2 Qf8 45. Qe2 Ba3 46. Rb1 Rad8 47. Rbe1 Bb2 48.
Bxa5 Bc3 49. Bxb6 Rb8 50. c5 Bxe1 51. Qxe1 Qc8 52. a5 Qb7 53. Qe2 Be4 54. b4
Qd5 55. Rb1 Bxd3 56. Qxd3 Qe4 57. Rd1 Qxd3 58. Rxd3 Ke7 59. c6 Rd5 60. c7 Rc8
61. a6 Kd7 62. Rxd4 Rxd4 63. Bxd4 Kxc7 64. b5 Rb8 65. b6+ Rxb6 66. Bxb6+ Kxb6
67. Kg2 Kxa6 68. Kf3 Kb5 69. Ke3 Kc5 70. Kd2 Kd4 71. Ke2 Ke4 72. Kf2 Kd3 73.
Kf3 Kd2 74. Kf2 1/2-1/2